How to become a deadly chess tactician / (Record no. 339893)
[ view plain ]
| 000 -LEADER | |
|---|---|
| fixed length control field | 00617nam a2200253Ia 4500 |
| 008 - FIXED-LENGTH DATA ELEMENTS--GENERAL INFORMATION | |
| fixed length control field | 170711s9999 xx 000 0 und d |
| 020 ## - INTERNATIONAL STANDARD BOOK NUMBER | |
| International Standard Book Number | 9789719930006 |
| 050 ## - LIBRARY OF CONGRESS CALL NUMBER | |
| Classification number | 794.12 |
| 050 ## - LIBRARY OF CONGRESS CALL NUMBER | |
| Item number | L555 2002 |
| 100 ## - MAIN ENTRY--PERSONAL NAME | |
| Personal name | LeMoir, David |
| 245 ## - TITLE STATEMENT | |
| Title | How to become a deadly chess tactician / |
| 245 ## - TITLE STATEMENT | |
| Statement of responsibility, etc | by David LeMoir. |
| 260 ## - PUBLICATION, DISTRIBUTION, ETC. (IMPRINT) | |
| Place of publication, distribution, etc | UK : |
| 260 ## - PUBLICATION, DISTRIBUTION, ETC. (IMPRINT) | |
| Name of publisher, distributor, etc | Gambit, |
| 260 ## - PUBLICATION, DISTRIBUTION, ETC. (IMPRINT) | |
| Date of publication, distribution, etc | 2002 |
| 300 ## - PHYSICAL DESCRIPTION | |
| Extent | 240 pages : |
| 300 ## - PHYSICAL DESCRIPTION | |
| Other physical details | illustrations ; |
| 300 ## - PHYSICAL DESCRIPTION | |
| Dimensions | 22cm. |
| 500 ## - GENERAL NOTE | |
| General note | Includes index. |
| 650 ## - SUBJECT ADDED ENTRY--TOPICAL TERM | |
| Topical term or geographic name as entry element | Chess problems -- |
| 650 ## - SUBJECT ADDED ENTRY--TOPICAL TERM | |
| Topical term or geographic name as entry element | Chess problems. |
| 650 ## - SUBJECT ADDED ENTRY--TOPICAL TERM | |
| General subdivision | Collections of games. |
| 700 ## - ADDED ENTRY--PERSONAL NAME | |
| Personal name | Title. |
No items available.